The U.S. Government : (Запис № 561585)

МАРК-запис
000 -LEADER
fixed length control field 01643cam a2200409 i 4500
001 - CONTROL NUMBER
control field usgovernmenthoww00newy
003 - CONTROL NUMBER IDENTIFIER
control field CaSfIA
005 - DATE AND TIME OF LATEST TRANSACTION
control field 20210119105408.0
007 - PHYSICAL DESCRIPTION FIXED FIELD--GENERAL INFORMATION
fixed length control field cr||||
008 - FIXED-LENGTH DATA ELEMENTS--GENERAL INFORMATION
fixed length control field 790329s1978 nyu b 001 0 eng
010 ## - LIBRARY OF CONGRESS CONTROL NUMBER
LC control number 79101442
040 ## - CATALOGING SOURCE
Original cataloging agency DLC
Transcribing agency DLC
Modifying agency MUQ
-- STF
-- DEBSZ
-- NLE
-- CaSfIA
020 ## - INTERNATIONAL STANDARD BOOK NUMBER
International Standard Book Number 0553124854
020 ## - INTERNATIONAL STANDARD BOOK NUMBER
International Standard Book Number 9780553124859
035 ## - SYSTEM CONTROL NUMBER
System control number (OCoLC)4618201
043 ## - GEOGRAPHIC AREA CODE
Geographic area code n-us---
050 00 - LIBRARY OF CONGRESS CALL NUMBER
Classification number JK31
Item number .U57
082 00 - DEWEY DECIMAL CLASSIFICATION NUMBER
Classification number 320.4/73
029 1# - (OCLC)
OCLC library identifier NLGGC
System control number 790784246
029 1# - (OCLC)
OCLC library identifier NZ1
System control number 4056369
029 1# - (OCLC)
OCLC library identifier UNITY
System control number 051883082
029 1# - (OCLC)
OCLC library identifier UKDON
System control number 0553124854
245 04 - TITLE STATEMENT
Title The U.S. Government :
Medium [electronic resource]
Remainder of title how and why it works /
Statement of responsibility, etc prepared by the editors of Encyclopaedia Britannica.
260 ## - PUBLICATION, DISTRIBUTION, ETC. (IMPRINT)
Place of publication, distribution, etc New York :
Name of publisher, distributor, etc Bantam Books,
Date of publication, distribution, etc 1978.
300 ## - PHYSICAL DESCRIPTION
Extent 381 p. ;
Dimensions 18 cm.
490 0# - SERIES STATEMENT
Series statement Bantam/Britannica books
504 ## - BIBLIOGRAPHY, ETC. NOTE
Bibliography, etc Bibliography: p. [366]
500 ## - GENERAL NOTE
General note Includes index.
506 ## - RESTRICTIONS ON ACCESS NOTE
Standardized terminology for access restriction Необхідна авторизація на https://archive.org/ (створення облікового запису безкоштовно)
506 ## - RESTRICTIONS ON ACCESS NOTE
Standardized terminology for access restriction Необхідна авторизація на https://openlibrary.org/ (створення облікового запису безкоштовно)
651 #0 - SUBJECT ADDED ENTRY--GEOGRAPHIC NAME
Geographic name United States
General subdivision Politics and government.
651 #6 - SUBJECT ADDED ENTRY--GEOGRAPHIC NAME
Geographic name États-Unis
General subdivision Politique et gouvernement.
730 0# - ADDED ENTRY--UNIFORM TITLE
Uniform title Encyclopaedia Britannica.
856 41 - ELECTRONIC LOCATION AND ACCESS
Uniform Resource Identifier <a href="http://www.archive.org/details/usgovernmenthoww00newy">http://www.archive.org/details/usgovernmenthoww00newy</a>
Public note Free eBook from the Internet Archive
856 42 - ELECTRONIC LOCATION AND ACCESS
Uniform Resource Identifier <a href="http://www.openlibrary.org/books/OL4440146M">http://www.openlibrary.org/books/OL4440146M</a>
Public note Additional information and access via Open Library
942 ## - ADDED ENTRY ELEMENTS (KOHA)
Koha item type ЕКнига

Немає доступних примірників.